Practical Cryptogaphy (Record no. 316970)

MARC details
000 -LEADER
fixed length control field 00367nam a2200145Ia 4500
008 - FIXED-LENGTH DATA ELEMENTS--GENERAL INFORMATION
fixed length control field 230718s9999 xx 000 0 und d
041 ## - LANGUAGE CODE
Language code of text/sound track or separate title eng
082 ## - DEWEY DECIMAL CLASSIFICATION NUMBER
Classification number 005.82
Item number SCH
100 ## - MAIN ENTRY--PERSONAL NAME
Personal name Schneier B.
9 (RLIN) 123885
245 ## - TITLE STATEMENT
Title Practical Cryptogaphy
260 ## - PUBLICATION, DISTRIBUTION, ETC. (IMPRINT)
Name of publisher, distributor, etc. John Wiley
365 ## - TRADE PRICE
Currency code Rs.
Price amount 329.00
700 ## - ADDED ENTRY--PERSONAL NAME
Personal name Schneier B.
9 (RLIN) 123885
906 ## - LOCAL DATA ELEMENT F, LDF (RLIN)
d B:341326-Mar-2007
c IT
b 65.8
Holdings
Withdrawn status Lost status Damaged status Not for loan Home library Current library Date acquired Vendor Budget Code Cost, normal purchase price Bill number Total Checkouts Full call number Barcode Date last seen Discount Cost, replacement price Bill Date Koha item type Original Barcode
        Cummins College of Engineering for Women Pune Cummins College of Engineering for Women Pune 18/05/2007 Pradeep Book Distributors IT 263.20 3413   005.82 CCEP-BK-28177 18/07/2023 65.8 329.00 26/03/2007 Books 028177